| 000 | 00360nam a2200133Ia 4500 | ||
|---|---|---|---|
| 008 | 240624s9999 xx 000 0 und d | ||
| 041 | _aeng | ||
| 082 | _a330 EPW | ||
| 100 | _aEPW RESEARCH FOUNDATION | ||
| 245 | _aINDIA A POCKET BOOK OF DATA SERIES 2012 | ||
| 260 |
_c2012 _aNew Delhi _bAcademic Foundation |
||
| 300 | _a301 : p. : cm. ; 20 | ||
| 365 |
_cRS _b28 |
||
| 999 |
_c21438 _d21438 |
||